Rozdílnost východoevropských změn.
Údaje zo správy Hospodárskej komisie OSN pre Európu ku koncu roku 1992, ktorá bola prevážne venovaná východoeurópskej problematike a najmä zmenám vo vývoji obchodnej výmeny v strednej a východnej Európe. Podstatný pokrok v hospodárskych reformách zaznamenalo Maďarsko, Poľsko, ČR a SR.
Guardado en:
| Autor principal: | |
|---|---|
| Formato: | Capítulo de libro |
| Lenguaje: | checo |
| Materias: | |
| Etiquetas: |
Sin Etiquetas, Sea el primero en etiquetar este registro!
|
MARC
| LEADER | 00000naa a2200000 4500 | ||
|---|---|---|---|
| 001 | r013388 | ||
| 005 | 20221205075950.9 | ||
| 041 | 0 | |a cze | |
| 044 | |a CZ | ||
| 245 | 1 | 0 | |a Rozdílnost východoevropských změn. |c O. Miškovská |
| 520 | |a Údaje zo správy Hospodárskej komisie OSN pre Európu ku koncu roku 1992, ktorá bola prevážne venovaná východoeurópskej problematike a najmä zmenám vo vývoji obchodnej výmeny v strednej a východnej Európe. Podstatný pokrok v hospodárskych reformách zaznamenalo Maďarsko, Poľsko, ČR a SR. | ||
| 610 | 2 | 0 | |a reformy hospodárske |
| 610 | 2 | 0 | |a MR |
| 610 | 2 | 0 | |a PR |
| 610 | 2 | 0 | |a Čechy |
| 610 | 2 | 0 | |a Slovensko |
| 610 | 2 | 0 | |a stredná Európa |
| 610 | 2 | 0 | |a východná Európa |
| 610 | 2 | 0 | |a obchod zahraničný |
| 610 | 2 | 0 | |a 1992 |
| 610 | 2 | 0 | |a OSN |
| 100 | 1 | |a Miškovská, O. | |